| 000 | 00500nam a2200169 a 4500 | ||
|---|---|---|---|
| 001 | 810 | ||
| 003 | CDMR | ||
| 005 | 20131212160214.0 | ||
| 008 | 130130s1959||||||||||||||||||||||||||||d | ||
| 040 |
_aCDMR _bcat _cCDMR |
||
| 100 | 1 |
_aRedondo Garcia, Emilio _9636 |
|
| 245 | 1 | 0 |
_aEducación y comunicación _cEmilio Redondo García |
| 260 |
_aMadrid _c1959 _bCSIC: Instituto "San José de Calasanz" de Pedagogía |
||
| 300 |
_a317 p ; _c25 cm |
||
| 650 | 0 | 4 |
_94507 _aComunicació en l'educació |
| 942 |
_cMON _2udc |
||
| 999 |
_c810 _d810 |
||